| 000 | 00384 a2200097 4500 | ||
|---|---|---|---|
| 245 | 0 | 0 |
_aElementy urządzeń mikrofalowych - Kołnierze typu G złączy falowodów prostokątnych płaskich Główne wymiary PN-84/T-80336 / _cMin. Przem. Maszynowego. |
| 246 | 1 | 3 | _aPN-84/T-80336 |
| 246 | 1 | 3 | _a621.372.822 |
| 260 |
_aWarszawa : _bMin. Przem. Maszynowego, _c1984. |
||
| 300 |
_a2 stron ; _c30 cm. |
||
| 650 | _aPolska norma | ||
| 999 |
_c19528 _d19528 |
||